000 00570cam7a220016900 4500
005 20190819095801.0
008 000927
020 _a9074070019
035 _a(Sirsi) a143194
050 0 _aSF768
_bNew 1991
245 1 0 _aNew insights into the pathogenesis of mastitis/
_cedited by C.Burvenich, G.Vandeputte-Van Messm, A.W.Hill.
260 _aGent,Belgium :
_bVlaams Diergeneeskundig Tijdschrift,
_c1991.
350 _a25
504 _aIncludes bibliography and index.
650 0 _aMastitis
_6S85970.1
700 0 0 _aBurvenich, C.
_6A113466.1
999 _c99814
_d99813